The sashastra seema bal act, 2007 : (Record no. 42915)

MARC details
000 -LEADER
fixed length control field 00686nam a22001817a 4500
005 - DATE AND TIME OF LATEST TRANSACTION
control field 20100821144348.0
010 ## - LCCN (DPL NO)
LC control number ENG-101246
020 ## - INTERNATIONAL STANDARD BOOK NUMBER
Terms of availability 140.00
035 ## - SYSTEM CONTROL NUMBER
System control number EN-84879
037 ## - SOURCE OF ACQUISITION
Source of stock number/acquisition DBAD/PUB
082 ## - DEWEY DECIMAL CLASSIFICATION NUMBER
Classification number 347.00954
245 ## - TITLE STATEMENT
Title The sashastra seema bal act, 2007 :
Remainder of title 53 of 2007 /
260 ## - PUBLICATION, DISTRIBUTION, ETC. (IMPRINT)
Place of publication, distribution, etc Delhi
Name of publisher, distributor, etc Universal Law Publishing
Date of publication, distribution, etc 2010
270 ## - ADDRESS
Address C-FF-1A, Dilkush Industrial Estate, (Near Azadpur Metro Station) G.T. Karnal Road
City Delhi
Postal code 110033
300 ## - PHYSICAL DESCRIPTION
Extent 126p.
Dimensions 24cm (pbk)
942 ## - ADDED ENTRY ELEMENTS (KOHA)
Source of classification or shelving scheme Dewey Decimal Classification
Item type English Books
Classification part 347.00954
Call number suffix SAS
Holdings
Withdrawn status Lost status Not for loan Collection code Home library Current library Date acquired Source of acquisition Cost, normal purchase price Full call number Barcode Copy number Cost, replacement price Koha item type
    Not For Loan Non-fiction D.B.Act.Division D.B.Act.Division 21/08/2010 DBAD/PUB 140.00 347.00954 SAS EN-84779 1 140.00 English Books

© Delhi Public Library
Hit Counter
free hit counter